01344nam a22003254a 4500001001200000003000800012006001900020007001500039008004100054010001700095020001500112040002100127035002100148050002700169082001700196245008400213260005100297300002300348490008600371504006400457533015200521650001800673650001400691650002800705655002900733700002900762710001700791830008400808856012600892ebr10069993CaPaEBRm u cr cn|||||||||020314s2002 nyua sb 001 0 eng  z 2002023376 z052178039X aCaPaEBRcCaPaEBR a(OCoLC)22811116414aQC793.3.R4bP66 2002eb04a539.7/2122100aPomeron physics and QCDh[electronic resource] /cSandy Donnachie ... [et al.]. aNew York :bCambridge University Press,c2002. axi, 347 p. :bill.1 aCambridge monographs on particle physics, nuclear physics, and cosmology ;vv. 19 aIncludes bibliographical references (p. 327-342) and index. aElectronic reproduction.bPalo Alto, Calif. :cebrary,d2013.nAvailable via World Wide Web.nAccess may be limited to ebrary affiliated libraries. 0aRegge theory. 0aPomerons. 0aQuantum chromodynamics. 7aElectronic books.2local1 aDonnachie, Sandy,d1936-2 aebrary, Inc. 0aCambridge monographs on particle physics, nuclear physics, and cosmology ;v19.40uhttp://site.ebrary.com/lib/rucke/Doc?id=10069993zAn electronic book accessible through the World Wide Web; click to view